Alle Nederlandse Dorpen en Steden per Gemeente - Limburg - Statistics

General Stats
  • This quiz has been taken 23 times
  • The average score is 65 of 237
Answer Stats
Gemeente Dorp/Stad % Correct
Beek Beek
100%
Roermond Roermond
87%
Echt-Susteren Echt
80%
Sittard-Geleen Geleen
80%
Heerlen Heerlen
80%
Echt-Susteren Susteren
80%
Valkenburg aan de Geul Valkenburg
80%
Venlo Venlo
80%
Venray Venray
80%
Eijsden-Margraten Eijsden
73%
Horst aan de Maas Horst
73%
Kerkrade Kerkrade
73%
Landgraaf Landgraaf
73%
Maastricht Maastricht
73%
Eijsden-Margraten Margraten
73%
Mook en Middelaar Mook
73%
Nederweert Nederweert
73%
Sittard-Geleen Sittard
73%
Stein Stein
73%
Weert Weert
73%
Beesel Beesel
67%
Bergen Bergen
67%
Brunssum Brunssum
67%
Gulpen-Wittem Gulpen
67%
Stein Meers
67%
Meerssen Meerssen
67%
Mook en Middelaar Middelaar
67%
Simpelveld Simpelveld
67%
Vaals Vaals
67%
Gulpen-Wittem Wittem
67%
Sittard-Geleen Born
60%
Gennep Gennep
60%
Voerendaal Voerendaal
60%
Leudal Neer
53%
Venlo Blerick
47%
Kerkrade Eygelshoven
47%
Roermond Herten
47%
Heerlen Hoensbroek
47%
Beesel Reuver
47%
Horst aan de Maas Sevenum
47%
Weert Stramproy
47%
Simpelveld Bocholtz
40%
Peel en Maas Helden
40%
Maasgouw Maasbracht
40%
Beekdaelen Nuth
40%
Peel en Maas Panningen
40%
Beekdaelen Schinnen
40%
Roerdalen Vlodrop
40%
Horst aan de Maas America
33%
Venlo Arcen
33%
Venlo Belfeld
33%
Stein Elsloo
33%
Gulpen-Wittem Epen
33%
Leudal Heythuysen
33%
Beekdaelen Hulsberg
33%
Voerendaal Klimmen
33%
Vaals Lemiers
33%
Maasgouw Linne
33%
Peel en Maas Maasbree
33%
Roerdalen Melick
33%
Eijsden-Margraten Mesch
33%
Maasgouw Ohé en Laak
33%
Leudal Roggel
33%
Beekdaelen Schimmert
33%
Valkenburg aan de Geul Schin op Geul
33%
Beekdaelen Schinveld
33%
Roerdalen Sint Odiliënberg
33%
Beek Spaubeek
33%
Venlo Tegelen
33%
Maasgouw Thorn
33%
Venlo Velden
33%
Beekdaelen Arensgenhout
27%
Leudal Baexem
27%
Meerssen Bunde
27%
Gulpen-Wittem Eys
27%
Beek Genhout
27%
Eijsden-Margraten Gronsveld
27%
Maasgouw Heel
27%
Gennep Heijen
27%
Leudal Ittervoort
27%
Beekdaelen Jabeek
27%
Gulpen-Wittem Mechelen
27%
Peel en Maas Meijel
27%
Beekdaelen Merkelbeek
27%
Roermond Merum
27%
Mook en Middelaar Molenhoek
27%
Roerdalen Montfort
27%
Beek Neerbeek
27%
Echt-Susteren Nieuwstadt
27%
Beekdaelen Oirsbeek
27%
Nederweert Ospel
27%
Roerdalen Posterholt
27%
Beekdaelen Puth
27%
Echt-Susteren Roosteren
27%
Valkenburg aan de Geul Sibbe
27%
Maasgouw Stevensweert
27%
Roermond Swalmen
27%
Voerendaal Ubachsberg
27%
Stein Urmond
27%
Landgraaf Waubach
27%
Maasgouw Wessem
27%
Beekdaelen Wijnandsrade
27%
Beekdaelen Aalbeek
20%
Bergen Afferden
20%
Beekdaelen Amstenrade
20%
Roermond Asenray
20%
Peel en Maas Baarlo
20%
Simpelveld Baneheide
20%
Peel en Maas Beringe
20%
Beekdaelen Bingelrade
20%
Simpelveld Bocholtzerheide
20%
Venlo Boekend
20%
Roermond Boukoul
20%
Leudal Buggenum
20%
Venray Castenray
20%
Beekdaelen Doenrade
20%
Sittard-Geleen Einighausen
20%
Leudal Ell
20%
Beek Geverik
20%
Leudal Grathem
20%
Horst aan de Maas Grubbenvorst
20%
Sittard-Geleen Guttecoven
20%
Leudal Haelen
20%
Leudal Heibloem
20%
Roerdalen Herkenbosch
20%
Leudal Hunsel
20%
Peel en Maas Kessel
20%
Echt-Susteren Koningsbosch
20%
Voerendaal Kunrade
20%
Sittard-Geleen Limbricht
20%
Echt-Susteren Maria Hoop
20%
Sittard-Geleen Munstergeleen
20%
Nederweert Nederweert-Eind
20%
Gulpen-Wittem Nijswiller
20%
Eijsden-Margraten Noorbeek
20%
Sittard-Geleen Obbicht
20%
Venray Oirlo
20%
Nederweert Ospeldijk
20%
Maasgouw Panheel
20%
Voerendaal Ransdaal
20%
Landgraaf Schaesberg
20%
Bergen Siebengewald
20%
Eijsden-Margraten Sint Geertruid
20%
Echt-Susteren Sint Joost
20%
Weert Swartbroek
20%
Meerssen Ulestraten
20%
Beekdaelen Vaesrade
20%
Vaals Vijlen
20%
Gulpen-Wittem Wahlwiller
20%
Bergen Well
20%
Gulpen-Wittem Wijlre
20%
Venray Ysselsteyn
20%
Weert Altweerterheide
13%
Maasgouw Beegden
13%
Valkenburg aan de Geul Berg en Terblijt
13%
Maastricht Borgharen
13%
Horst aan de Maas Broekhuizen
13%
Horst aan de Maas Broekhuizenvorst
13%
Sittard-Geleen Buchten
13%
Eijsden-Margraten Cadier en Keer
13%
Sittard-Geleen Grevenbicht
13%
Venray Heide
13%
Sittard-Geleen Holtum
13%
Leudal Horn
13%
Valkenburg aan de Geul Houthem
13%
Gulpen-Wittem Ingber
13%
Leudal Kelpen-Oler
13%
Peel en Maas Kessel-Eik
13%
Peel en Maas Koningslust
13%
Roermond Leeuwen
13%
Venray Leunen
13%
Nederweert Leveroy
13%
Venlo Lomm
13%
Eijsden-Margraten Mheer
13%
Leudal Neeritter
13%
Bergen Nieuw Bergen
13%
Leudal Nunhem
13%
Roermond Ool
13%
Eijsden-Margraten Oost-Maarland
13%
Venray Oostrum
13%
Sittard-Geleen Papenhoven
13%
Gulpen-Wittem Partij
13%
Echt-Susteren Pey
13%
Mook en Middelaar Plasmolen
13%
Gulpen-Wittem Reijmerstok
13%
Landgraaf Rimburg
13%
Echt-Susteren Slek
13%
Gulpen-Wittem Slenaken
13%
Beekdaelen Sweikhuizen
13%
Horst aan de Maas Tienray
13%
Gennep Ven-Zelderheide
13%
Venray Veulen
13%
Valkenburg aan de Geul Vilt
13%
Venray Wanssum
13%
Roermond Asselt
7%
Eijsden-Margraten Bemelen
7%
Stein Berg aan de Maas
7%
Gulpen-Wittem Beutenaken
7%
Venray Blitterswijck
7%
Maasgouw Brachterbeek
7%
Nederweert Budschop
7%
Echt-Susteren Dieteren
7%
Eijsden-Margraten Eckelrade
7%
Peel en Maas Egchel
7%
Horst aan de Maas Evertsoord
7%
Venray Geijsteren
7%
Meerssen Geulle
7%
Peel en Maas Grashoek
7%
Horst aan de Maas Griendtsveen
7%
Leudal Haler
7%
Horst aan de Maas Hegelsom
7%
Gulpen-Wittem Heijenrath
7%
Vaals Holset
7%
Venlo Hout-Blerick
7%
Maastricht Itteren
7%
Horst aan de Maas Kronenberg
7%
Weert Laar
7%
Horst aan de Maas Lottum
7%
Eijsden-Margraten Mariadorp
7%
Horst aan de Maas Meerlo
7%
Horst aan de Maas Melderslo
7%
Venray Merselo
7%
Gennep Milsbeek
7%
Gennep Ottersum
7%
Venray Smakt
7%
Venlo Steyl
7%
Horst aan de Maas Swolgen
7%
Weert Tungelroy
7%
Venray Vredepeel
7%
Bergen Wellerlooi
7%
Eijsden-Margraten Banholt
0%
Meerssen Geulle aan de Maas
0%
Horst aan de Maas Meterik
0%
Meerssen Moorveld
0%
Eijsden-Margraten Rijckholt
0%
Meerssen Rothem
0%
Eijsden-Margraten Scheulder
0%
No matching quizzes found
Score Distribution
Percent of People with Each Score
Percentile by Number Answered
Your Score History
You have not taken this quiz